| 000 | 00462nam a2200157Ia 4500 | ||
|---|---|---|---|
| 008 | 210716s1999 xx 000 0 und d | ||
| 020 | _a9788173711348 | ||
| 041 | _aeng | ||
| 082 | _a651.74068 WHIJ | ||
| 100 | _aWhite, Jon; Mazur, Laura. | ||
| 245 |
_aStrategic communications management: making public relations work. _bMaking public relations work. |
||
| 250 | _a1 | ||
| 260 |
_aHyderabad _bUniversities Press _c1999 |
||
| 300 | _axvi,277 | ||
| 650 | _aNone | ||
| 999 |
_c205377 _d205377 |
||